[Event "Titled Tue 20th May Late"]
[Site "chess.com INT"]
[Date "2025.05.20"]
[Round "1"]
[White "Kavri, Yusuf Eren"]
[Black "Carlsen, Magnus"]
[Result "0-1"]
[BlackTitle "GM"]
[WhiteElo "2142"]
[BlackElo "2837"]
[WhiteFideId "34591044"]
[BlackFideId "1503014"]
[EventDate "2025.05.20"]

1. d4 d6 2. c4 e5 3. Nf3 Nc6 4. Nc3 f5 5. dxe5 dxe5 6. Qxd8+ Kxd8 7. Bg5+ Be7 8.
O-O-O+ Bd7 9. e3 Nf6 10. Nd5 Rf8 11. h3 h6 12. Nxe7 Kxe7 13. Bxf6+ Rxf6 14. Be2
Raf8 15. a3 a5 16. b3 e4 17. Nd4 Ne5 18. g3 c5 19. Nc2 Bc6 20. Ne1 g5 21. Ng2 a4
22. b4 Nd3+ 23. Bxd3 exd3 24. Rhg1 cxb4 25. axb4 Rd8 26. Ne1 Rfd6 27. Kd2 a3 28.
Ra1 Ra8 29. g4 a2 30. b5 Bd7 31. Nf3 Be6 32. Nd4 Rxd4 33. exd4 Bxc4 34. gxf5 Kf6
35. Rgc1 Ra4 36. Rxc4 Rxc4 37. Rxa2 Rxd4 38. Ra7 Rd7 39. Ra3 Kxf5 40. Rxd3 Rxd3+
41. Kxd3 Kf4 42. Kd4 h5 43. Kc5 h4 44. Kb6 g4 45. hxg4 h3 46. Kxb7 h2 47. b6
h1=Q+ 48. Ka7 Qa1+ 49. Kb8 Qe5+ 50. Ka7 Qa5+ 51. Kb7 Kxg4 52. Kb8 Qxb6+ 53. Ka8
Qxf2 0-1

[Event "Titled Tue 20th May Late"]
[Site "chess.com INT"]
[Date "2025.05.20"]
[Round "1"]
[White "Fernandes, Rogerio Paulo Muller"]
[Black "Hungaski, Robert"]
[Result "0-1"]
[BlackTitle "GM"]
[WhiteElo "2241"]
[BlackElo "2477"]
[WhiteFideId "2101599"]
[BlackFideId "2021030"]
[EventDate "2025.05.20"]

1. c4 e6 2. g3 f5 3. Bg2 Nf6 4. Nf3 Be7 5. O-O O-O 6. Nc3 d6 7. d4 d5 8. Ne5 c6
9. Bg5 Nfd7 10. Bxe7 Qxe7 11. cxd5 exd5 12. f4 Nf6 13. e3 Na6 14. a3 Nc7 15. b4
Bd7 16. Qb3 Kh8 17. h4 Ng4 18. Rfe1 Nxe5 19. dxe5 Be6 20. Qb2 Rab8 21. Ne2 b6
22. Nd4 Bd7 23. Rab1 h6 24. Rec1 c5 25. bxc5 bxc5 26. Qxb8 Rxb8 27. Rxb8+ Kh7
28. Nf3 Bc6 29. h5 d4 30. exd4 Bxf3 31. Bxf3 cxd4 32. Rb7 Qxa3 33. Rbxc7 Qxf3
34. Kh2 Qxh5+ 35. Kg2 Qe2+ 36. Kh3 Qg4+ 37. Kh2 d3 38. Rd7 Qe2+ 39. Kh3 d2 40.
Rcc7 Qg4+ 41. Kg2 d1=Q 42. Rd2 Qxd2+ 0-1

[Event "Titled Tue 20th May Late"]
[Site "chess.com INT"]
[Date "2025.05.20"]
[Round "1"]
[White "Harish, Neeraj"]
[Black "Yurtseven, Melih"]
[Result "0-1"]
[WhiteTitle "CM"]
[BlackTitle "IM"]
[WhiteElo "2192"]
[BlackElo "2339"]
[WhiteFideId "30958130"]
[BlackFideId "6312160"]
[EventDate "2025.05.20"]

1. c4 Nf6 2. Nf3 e6 3. g3 b6 4. d4 Bb7 5. Bg2 Bb4+ 6. Bd2 Be7 7. Nc3 O-O 8. O-O
Ne4 9. Rc1 d6 10. Qc2 Nxc3 11. Bxc3 c5 12. d5 e5 13. Nd2 Nd7 14. f4 exf4 15.
gxf4 Bf6 16. Ne4 Bxc3 17. Qxc3 Qe7 18. Ng3 Nf6 19. e4 Rae8 20. Rce1 Ng4 21. h3
Nh6 22. Kh2 Qh4 23. Qf3 Bc8 24. Qh5 Ng4+ 25. Kg1 Qxg3 26. hxg4 Bxg4 27. Qh2 Qd3
28. b3 Qd4+ 29. Kh1 f6 30. Qg3 Bh5 31. Re3 Re7 32. Rfe1 Rfe8 33. Qh4 Bg6 34. f5
Bxf5 35. Rg3 Bg6 36. Qf4 Qe5 37. Qxe5 Rxe5 38. Bh3 Bxe4+ 39. Kh2 f5 0-1

[Event "Titled Tue 20th May Late"]
[Site "chess.com INT"]
[Date "2025.05.20"]
[Round "1"]
[White "Yevchenko, Oleksandr"]
[Black "Gelman, Alexander"]
[Result "1/2-1/2"]
[WhiteTitle "CM"]
[BlackTitle "IM"]
[WhiteElo "2276"]
[BlackElo "2403"]
[WhiteFideId "14108267"]
[BlackFideId "4118316"]
[EventDate "2025.05.20"]

1. c4 c5 2. Nf3 Nf6 3. e3 d6 4. d4 Nbd7 5. Nc3 e6 6. Be2 a6 7. O-O b6 8. d5 exd5
9. Nxd5 Bb7 10. Nc3 Be7 11. b3 O-O 12. Bb2 Qc7 13. Qc2 Rad8 14. Rad1 Rfe8 15.
Rfe1 Bf8 16. Nd2 Ne5 17. h3 Qc6 18. Bf1 Ng6 19. Nf3 Qc8 20. Nh2 Bc6 21. Nd5 Nxd5
22. cxd5 Bb5 23. a4 Bxf1 24. Nxf1 b5 25. axb5 axb5 26. Ng3 Ne5 27. e4 c4 28.
Bxe5 dxe5 29. bxc4 Qxc4 30. Qxc4 bxc4 31. Rc1 Rc8 32. Rc2 Bb4 33. Rb1 Bc5 34.
Kf1 Bd4 35. Nf5 Red8 36. Ne7+ Kf8 37. Nxc8 Rxc8 38. Rb4 c3 39. Ke2 Ke7 40. f3
Kd6 41. Kd3 Rc7 42. Ra4 g6 43. Ra6+ Kc5 44. Ra4 Kb5 45. Ra8 Kb4 46. Rb8+ Ka3 47.
Ra8+ Kb3 48. Rb8+ Ka3 49. Ra8+ Kb3 50. Rb8+ Ka3 1/2-1/2

[Event "Titled Tue 20th May Late"]
[Site "chess.com INT"]
[Date "2025.05.20"]
[Round "1"]
[White "Carnicelli, Valerio"]
[Black "Mafra, Kaiser Luiz"]
[Result "1-0"]
[WhiteTitle "FM"]
[BlackTitle "CM"]
[WhiteElo "2396"]
[BlackElo "2094"]
[WhiteFideId "856185"]
[BlackFideId "2106698"]
[EventDate "2025.05.20"]

1. e4 c5 2. Nf3 d6 3. c3 g6 4. Be2 Bg7 5. O-O Nf6 6. Re1 O-O 7. Bf1 Nc6 8. h3 e5
9. d3 h6 10. Be3 Kh7 11. g3 Be6 12. Bg2 Qb6 13. Qc1 Rad8 14. Nbd2 a5 15. Qc2 d5
16. exd5 Nxd5 17. Nc4 Nxe3 18. Rxe3 Bxc4 19. dxc4 f5 20. h4 e4 21. Nh2 Ne5 22.
b3 Qd6 23. Qb2 Qd2 24. Qa3 Nd3 25. Rf1 Nxf2 26. Qxc5 Nd3 27. Qa7 Rf7 28. Rxe4
Bxc3 29. h5 g5 30. Qb6 Ne5 31. Qe6 Rd6 32. Qe8 fxe4 33. Rxf7+ Nxf7 34. Qxf7+ Bg7
35. Bxe4+ Kh8 36. Qe8+ Bf8 37. Qxf8# 1-0

[Event "Titled Tue 20th May Late"]
[Site "chess.com INT"]
[Date "2025.05.20"]
[Round "1"]
[White "Eljanov, Pavel"]
[Black "Barrientos, Ernesto"]
[Result "1-0"]
[WhiteTitle "GM"]
[BlackTitle "CM"]
[WhiteElo "2668"]
[BlackElo "2027"]
[WhiteFideId "14102951"]
[BlackFideId "3701247"]
[EventDate "2025.05.20"]

1. d4 Nf6 2. Nf3 c5 3. d5 e6 4. Nc3 d6 5. e4 a6 6. a4 Be7 7. Be2 O-O 8. O-O exd5
9. exd5 Bf5 10. Re1 Re8 11. h3 Nbd7 12. Bd3 Bxd3 13. Qxd3 Bf8 14. Bf4 Qa5 15.
Nd2 Qb4 16. Bg3 Qd4 17. Nc4 b5 18. Rxe8 Rxe8 19. axb5 Qxd3 20. cxd3 axb5 21.
Nxb5 Nxd5 22. Nbxd6 Re2 23. Ra7 N7b6 24. Nxf7 Nc8 25. Ra8 Ncb6 26. Nxb6 Nxb6 27.
Rb8 Rxb2 28. Bd6 Kxf7 29. Rxf8+ Ke6 30. Bxc5 Na4 31. Bd4 Rd2 32. Ra8 Nb2 33.
Ra6+ Kd5 34. Bxb2 Rxb2 35. Ra7 Rb1+ 36. Kh2 Rb2 37. f3 g6 38. Rxh7 Kd4 39. Rd7+
Ke3 40. Rd6 g5 41. Rd5 Kf2 42. Rxg5 Rd2 43. h4 Rxd3 44. h5 Rd4 45. Rg4 Rd1 46.
h6 Rd5 47. Rh4 Rd8 48. h7 Rh8 49. Kh3 Ke3 50. Kg4 1-0

[Event "Titled Tue 20th May Late"]
[Site "chess.com INT"]
[Date "2025.05.20"]
[Round "1"]
[White "Nakara Husain"]
[Black "Sitbon, Itay"]
[Result "0-1"]
[WhiteElo "1701"]
[BlackElo "2192"]
[WhiteFideId "25636111"]
[BlackFideId "2820706"]
[EventDate "2025.05.20"]

1. e4 e5 2. Nf3 d5 3. Nxe5 Nf6 4. d4 Nxe4 5. Bd3 Nd7 6. Nxd7 Bxd7 7. Bxe4 dxe4
8. O-O Bd6 9. Nc3 O-O 10. Qh5 f5 11. Bg5 Qe8 12. Qxe8 Raxe8 13. Nd5 Bc6 14. Nc3
f4 15. g3 e3 16. fxe3 fxg3 17. hxg3 Bxg3 18. d5 Bd7 19. Kg2 Bd6 20. e4 Be5 21.
Rxf8+ Rxf8 22. Be3 Bg4 23. a4 Rf3 24. Bxa7 Rh3 25. Rf1 Rh2+ 26. Kg1 Rxc2 27. Bc5
h6 28. Rf2 Rc1+ 29. Kg2 h5 30. Be3 Ra1 31. Bf4 Bd4 32. Rd2 Bb6 33. e5 h4 34. d6
Rg1+ 35. Kh2 Bf3 36. Kh3 g5 37. Bh2 Bg4# 0-1

[Event "Titled Tue 20th May Late"]
[Site "chess.com INT"]
[Date "2025.05.20"]
[Round "1"]
[White "Boci, Mateu"]
[Black "Terron Elena, Francisco M."]
[Result "1-0"]
[WhiteTitle "FM"]
[BlackTitle "FM"]
[WhiteElo "2268"]
[BlackElo "2148"]
[WhiteFideId "4704665"]
[BlackFideId "2210576"]
[EventDate "2025.05.20"]

1. e4 e5 2. Nf3 Nc6 3. Nc3 Nf6 4. Bb5 Bd6 5. O-O O-O 6. d3 a6 7. Ba4 Re8 8. a3
Bf8 9. Re1 h6 10. h3 b5 11. Bb3 d6 12. Be3 Ne7 13. Ne2 Ng6 14. Qd2 Be6 15. Bxe6
Rxe6 16. Ng3 d5 17. c3 dxe4 18. dxe4 Qxd2 19. Nxd2 Nf4 20. Nf3 Nd3 21. Re2 Bc5
22. Rd1 Bxe3 23. Rxd3 Bb6 24. Red2 g6 25. Kf1 Kg7 26. Ke2 Rae8 27. Rd8 Nh7 28.
Rxe8 Rxe8 29. Rd7 Nf6 30. Rd2 Nh7 31. Rd5 Kf6 32. Nf1 Ng5 33. Nxg5 Kxg5 34. g3
Kf6 35. Ne3 h5 36. Kf3 Bxe3 37. Kxe3 Ke6 38. f4 f6 39. Rc5 Kd6 40. b4 c6 41. g4
hxg4 42. hxg4 Rh8 43. g5 exf4+ 44. Kxf4 fxg5+ 45. Kxg5 Rh5+ 46. Kxg6 Rxc5 47.
bxc5+ Ke5 48. Kf7 Kxe4 49. Ke6 Kd3 50. Kd6 Kxc3 51. Kxc6 Kc4 52. Kd6 a5 53. c6
b4 54. axb4 axb4 55. c7 b3 56. c8=Q+ Kd3 57. Qf5+ 1-0

[Event "Titled Tue 20th May Late"]
[Site "chess.com INT"]
[Date "2025.05.20"]
[Round "1"]
[White "Forgacs, Attila Jr."]
[Black "Schmakel, Sam"]
[Result "1-0"]
[WhiteTitle "FM"]
[BlackTitle "IM"]
[WhiteElo "2264"]
[BlackElo "2449"]
[WhiteFideId "773654"]
[BlackFideId "2039311"]
[EventDate "2025.05.20"]

1. Nf3 Nf6 2. g3 g6 3. Bg2 Bg7 4. O-O O-O 5. d3 d5 6. Nc3 d4 7. Na4 Nd5 8. e4
dxe3 9. fxe3 e5 10. e4 Ne7 11. Nc3 c5 12. Bg5 h6 13. Be3 b6 14. Qd2 Kh7 15. Rf2
Nbc6 16. Raf1 Nd4 17. Ne2 Be6 18. a3 Qd7 19. Nh4 Rad8 20. Kh1 Nec6 21. Ng1 c4
22. dxc4 Bxc4 23. Bh3 Qe7 24. Qc3 Bxf1 25. Rxf1 Bf6 26. Ngf3 Nxf3 27. Nxf3 Nd4
28. Bc1 Bg7 29. b4 Ne2 30. Qe1 Nxc1 31. Qxc1 Qb7 32. Qe3 Rd6 33. Nh4 1-0

[Event "Titled Tue 20th May Late"]
[Site "chess.com INT"]
[Date "2025.05.20"]
[Round "1"]
[White "Mizzi, Jack"]
[Black "Nielsen-Refs, Karl-Emil Elmer"]
[Result "1-0"]
[WhiteTitle "CM"]
[BlackTitle "CM"]
[WhiteElo "2086"]
[BlackElo "2095"]
[WhiteFideId "5602521"]
[BlackFideId "1452797"]
[EventDate "2025.05.20"]

1. d4 Nf6 2. c4 e6 3. Nf3 d5 4. g3 Bb4+ 5. Nbd2 dxc4 6. Bg2 a5 7. O-O O-O 8.
Nxc4 b5 9. Nce5 Bb7 10. Bg5 h6 11. Bxf6 Qxf6 12. Rc1 Na6 13. Nd7 Qe7 14. Nxf8
Rxf8 15. Qd3 c6 16. Ne5 Rd8 17. Nxc6 Bxc6 18. Bxc6 Nc5 19. Qxb5 Rxd4 20. Rfd1
Qd6 21. Rxd4 Qxd4 22. b3 g6 23. Qc4 Qd2 24. Rc2 Qd6 25. Bf3 e5 26. Kg2 Qe7 27.
Bd5 e4 28. Qd4 Ba3 29. Rc4 Nd7 30. Qxe4 Ne5 31. Rc8+ Kg7 32. f4 Bd6 33. fxe5
Bxe5 34. Rc3 Qf6 35. Rf3 Qd6 36. Rxf7+ Kh8 37. Rf8+ Qxf8 38. Qxe5+ Kh7 39. Qe6
Qd8 40. Qf7+ Kh8 41. e4 g5 42. Qg6 Qf8 43. e5 h5 44. Qxh5+ Kg7 45. Qxg5+ Kh8 46.
Qh5+ Kg7 47. Qg4+ Kh8 48. Qg8+ Qxg8 49. Bxg8 Kxg8 50. Kf3 Kf7 51. Ke4 Ke6 52. h4
Ke7 53. Kf5 a4 54. bxa4 Kf7 55. h5 Kg7 56. e6 Kh7 57. e7 Kg7 58. e8=Q Kh7 59. g4
Kh6 60. Qg6# 1-0

[Event "Titled Tue 20th May Late"]
[Site "chess.com INT"]
[Date "2025.05.20"]
[Round "1"]
[White "Sivakumar, Shaashwath"]
[Black "Pakleza, Zbigniew"]
[Result "0-1"]
[WhiteTitle "FM"]
[BlackTitle "GM"]
[WhiteElo "2234"]
[BlackElo "2484"]
[WhiteFideId "30912156"]
[BlackFideId "1119290"]
[EventDate "2025.05.20"]

1. d4 d6 2. Nf3 Bg4 3. c4 c6 4. Nbd2 Nf6 5. g3 Nbd7 6. Bg2 e5 7. h3 Bh5 8. O-O
Be7 9. Qb3 Qb6 10. Qc3 Qc7 11. e4 O-O 12. Re1 a6 13. a4 a5 14. b3 Rfe8 15. Ba3
Bf8 16. g4 Bg6 17. Nh4 exd4 18. Qxd4 Nc5 19. f4 h6 20. Nxg6 fxg6 21. Qe3 Ne6 22.
Qf2 g5 23. f5 Nf4 24. c5 Nd3 25. Qd4 Nxe1 26. Rxe1 dxc5 27. Qc4+ Kh8 28. Bb2
Rad8 29. Nf3 b5 30. axb5 cxb5 31. Qc2 Qg3 32. e5 Nd5 33. e6 Nf4 34. Rf1 c4 35.
Ne5 Nxg2 0-1

[Event "Titled Tue 20th May Late"]
[Site "chess.com INT"]
[Date "2025.05.20"]
[Round "1"]
[White "Duarte Cramer, Lily Jeanette"]
[Black "Jovic, Stanoje"]
[Result "1-0"]
[WhiteTitle "WCM"]
[BlackTitle "FM"]
[WhiteElo "1828"]
[BlackElo "2096"]
[WhiteFideId "29620180"]
[BlackFideId "905020"]
[EventDate "2025.05.20"]

1. d4 Nf6 2. c4 e6 3. Nc3 Bb4 4. Qc2 d5 5. cxd5 exd5 6. Nf3 O-O 7. Bg5 c6 8. e3
Bg4 9. Bd3 h6 10. Bh4 Nbd7 11. h3 Bxf3 12. gxf3 c5 13. a3 Bxc3+ 14. bxc3 cxd4
15. cxd4 Rc8 16. Qe2 Qa5+ 17. Qd2 Qxd2+ 18. Kxd2 Rc6 19. Rac1 Rfc8 20. Rxc6 Rxc6
21. Rg1 Kf8 22. Bf5 Nb6 23. Bd3 Nc4+ 24. Bxc4 dxc4 25. Bxf6 Rxf6 26. f4 Ra6 27.
Ra1 b5 28. Kc3 f5 29. a4 bxa4 30. Kxc4 Kf7 31. Kb5 Rb6+ 32. Kc5 Ra6 33. d5 a3
34. Kb4 Ke7 35. f3 a2 36. Kb3 Kd6 37. e4 fxe4 38. fxe4 Rb6+ 39. Kxa2 Rb4 40. Re1
a5 41. Ka3 Rd4 42. e5+ Kd7 43. d6 Rxf4 44. e6+ Ke8 45. Rb1 Rb4 46. Rxb4 axb4+
47. Kxb4 g5 48. Kc5 h5 49. Kd4 Kf8 50. Ke5 Kg7 51. Kf5 g4 52. d7 1-0

[Event "Titled Tue 20th May Late"]
[Site "chess.com INT"]
[Date "2025.05.20"]
[Round "1"]
[White "Ibarra Jerez, Jose Carlos"]
[Black "Alahakoon, Isuru"]
[Result "1-0"]
[WhiteTitle "GM"]
[BlackTitle "FM"]
[WhiteElo "2545"]
[BlackElo "1939"]
[WhiteFideId "2226332"]
[BlackFideId "9900993"]
[EventDate "2025.05.20"]

1. e4 d5 2. exd5 Qxd5 3. Nc3 Qa5 4. d4 Nf6 5. Bc4 Bg4 6. f3 Bh5 7. g4 Bg6 8. f4
e6 9. Bd2 Bb4 10. f5 exf5 11. g5 Ne4 12. Nxe4 fxe4 13. c3 Be7 14. Qb3 Nd7 15.
Qxb7 Rb8 16. Qd5 Qxd5 17. Bxd5 Rxb2 18. Bb3 O-O 19. h4 Bh5 20. Ne2 e3 21. Rd1
Bd6 22. Rh3 exd2+ 23. Rxd2 Rb1+ 24. Kf2 Bxe2 25. Rxe2 Nb6 26. h5 a5 27. g6 a4
28. Bxf7+ Kh8 29. Kg2 Nd7 30. Re6 Nf6 31. h6 hxg6 32. Bxg6 a3 33. Bxb1 1-0

[Event "Titled Tue 20th May Late"]
[Site "chess.com INT"]
[Date "2025.05.20"]
[Round "1"]
[White "Sampaoli, Cristian"]
[Black "Gokerkan, Cem Kaan"]
[Result "0-1"]
[WhiteTitle "CM"]
[BlackTitle "GM"]
[WhiteElo "2211"]
[BlackElo "2489"]
[WhiteFideId "115800"]
[BlackFideId "6336760"]
[EventDate "2025.05.20"]

1. d4 Nf6 2. c4 b6 3. Nf3 Bb7 4. e3 e6 5. Nbd2 c5 6. Bd3 cxd4 7. exd4 d5 8. b3
Nc6 9. O-O dxc4 10. Nxc4 Be7 11. Bb2 O-O 12. Rc1 Rc8 13. Bb1 Nb4 14. Re1 b5 15.
Nce5 Rxc1 16. Qxc1 Qb6 17. a3 Nbd5 18. h3 Rc8 19. Qd2 h6 20. b4 Qd8 21. Qe2 Qe8
22. g3 Nc3 23. Bxc3 Rxc3 24. Bd3 a6 25. a4 bxa4 26. Bxa6 Bxf3 27. Nxf3 Bxb4 28.
Rb1 Bf8 29. Bb5 Qa8 30. Ne5 a3 31. Bc4 Qa7 32. Rd1 Qb6 33. Rd2 Bb4 34. Ba2 Rc1+
35. Kh2 Bxd2 36. Qxd2 Qb2 37. Qf4 Qxa2 38. Qxc1 Qxf2+ 39. Kh1 Ne4 40. Qc8+ Kh7
41. Ng4 Nxg3# 0-1

[Event "Titled Tue 20th May Late"]
[Site "chess.com INT"]
[Date "2025.05.20"]
[Round "1"]
[White "Ollier, Pablo"]
[Black "Coe, William"]
[Result "0-1"]
[WhiteTitle "FM"]
[WhiteElo "2284"]
[BlackElo "2078"]
[WhiteFideId "652318"]
[BlackFideId "30913624"]
[EventDate "2025.05.20"]

1. d4 Nf6 2. c4 e6 3. Nc3 d5 4. cxd5 exd5 5. Bg5 c6 6. e3 Be7 7. Bd3 O-O 8. Qc2
Nbd7 9. Nf3 h6 10. Bh4 Re8 11. O-O Nf8 12. Rae1 Be6 13. Ne5 N8d7 14. f4 Nxe5 15.
dxe5 Ng4 16. Bxe7 Qxe7 17. h3 Nxe5 18. fxe5 Bc8 19. Bh7+ Kh8 20. Bf5 Qxe5 21.
Bxc8 Raxc8 22. Rxf7 d4 23. Nd1 Rcd8 24. Qg6 Rd6 25. Qg4 d3 26. Ref1 d2 27. e4
Rd4 28. Rf8+ Rxf8 29. Rxf8+ Kh7 30. Rf4 b5 31. Kh1 b4 32. Qf3 c5 33. b3 c4 34.
bxc4 Rxc4 35. Rf5 Qxe4 36. Kh2 Qe6 37. Rd5 Rc3 38. Qf5+ Qxf5 39. Rxf5 Rc1 40.
Rf1 Rb1 41. Kg3 a5 42. Kf3 a4 43. Ke3 b3 44. axb3 a3 45. Kxd2 a2 0-1

[Event "Titled Tue 20th May Late"]
[Site "chess.com INT"]
[Date "2025.05.20"]
[Round "1"]
[White "Sakhayi, Mostafa"]
[Black "Bardyk, Artem"]
[Result "1-0"]
[WhiteTitle "CM"]
[BlackTitle "FM"]
[WhiteElo "2166"]
[BlackElo "2284"]
[WhiteFideId "12512532"]
[BlackFideId "34349979"]
[EventDate "2025.05.20"]

1. d4 d5 2. c4 e6 3. Nc3 Nf6 4. cxd5 Nxd5 5. e4 Nxc3 6. bxc3 c5 7. Nf3 cxd4 8.
cxd4 Bb4+ 9. Bd2 Bxd2+ 10. Qxd2 O-O 11. Bc4 Nd7 12. O-O b6 13. a4 Bb7 14. Rfe1
Nf6 15. Bd3 a6 16. h4 h6 17. Qf4 Rc8 18. Rad1 Qc7 19. Ne5 Rfd8 20. Qe3 Qc3 21.
Bb1 Qxe3 22. Rxe3 b5 23. axb5 axb5 24. f3 Rc5 25. Red3 Rc7 26. Kf2 Ne8 27. h5
Nd6 28. Rb3 Rdc8 29. Bd3 Ra8 30. Ke3 f6 31. Ng6 Nc4+ 32. Bxc4 bxc4 33. Rc3 Kf7
34. Rb1 Ke8 35. Rb6 Kf7 36. g4 Rac8 37. Nf4 1-0

[Event "Titled Tue 20th May Late"]
[Site "chess.com INT"]
[Date "2025.05.20"]
[Round "1"]
[White "Gazineu Neto, Rubens"]
[Black "Petre, Nad-Titus"]
[Result "0-1"]
[BlackTitle "IM"]
[WhiteElo "1960"]
[BlackElo "2299"]
[WhiteFideId "2174685"]
[BlackFideId "1204165"]
[EventDate "2025.05.20"]

1. e4 c5 2. Nf3 e6 3. d4 cxd4 4. Nxd4 Nf6 5. Nc3 d6 6. Be3 a6 7. Bc4 Be7 8. Bb3
O-O 9. f3 Nc6 10. Qd2 Na5 11. O-O-O Bd7 12. Kb1 Qc7 13. g4 Rfc8 14. g5 Ne8 15.
h4 b5 16. h5 Nc4 17. Bxc4 Qxc4 18. Rhg1 Bf8 19. g6 fxg6 20. hxg6 h6 21. Rh1 b4
22. Nce2 a5 23. f4 Nf6 24. e5 Ne4 25. Qd3 d5 26. Qxc4 Rxc4 27. b3 Rc7 28. Kb2 a4
29. bxa4 Rxa4 30. Nb3 Rca7 31. Ra1 Rc7 32. Bd4 Ra8 33. Rhc1 Be8 34. c3 bxc3+ 35.
Nxc3 Bxg6 36. Nxe4 Rxc1 37. Rxc1 Bxe4 38. Rc7 h5 39. f5 Bxf5 40. Nc5 h4 41. Nd7
Ba3+ 0-1

[Event "Titled Tue 20th May Late"]
[Site "chess.com INT"]
[Date "2025.05.20"]
[Round "1"]
[White "Przybylski, Bartosz"]
[Black "Aranda, Juan Manuel"]
[Result "1-0"]
[WhiteTitle "CM"]
[BlackTitle "CM"]
[WhiteElo "2107"]
[BlackElo "2134"]
[WhiteFideId "21878323"]
[BlackFideId "160458"]
[EventDate "2025.05.20"]

1. Nf3 d6 2. e4 g6 3. d4 Bg7 4. h3 a6 5. a4 Nd7 6. Nc3 c5 7. Be3 Ngf6 8. Bc4 O-O
9. O-O Qc7 10. d5 Nb6 11. Be2 e5 12. Nd2 Ne8 13. a5 Nd7 14. Nc4 b5 15. axb6 Nxb6
16. Qd2 f5 17. Bh6 Nxc4 18. Bxc4 f4 19. Bxg7 Kxg7 20. f3 g5 21. Nd1 h5 22. Qa5
Qb7 23. Nf2 Nf6 24. Ra3 Qxb2 25. c3 g4 26. Rb3 Qd2 27. Qc7+ Rf7 28. Qxd6 Qe3 29.
Qxe5 gxh3 30. Qg5+ Kf8 31. e5 hxg2 32. Rd1 Qxf3 33. exf6 Qg3 34. Qh6+ Kg8 35.
Re1 Bf5 36. d6 Rf8 37. Re7 Qf3 38. Qg7# 1-0

[Event "Titled Tue 20th May Late"]
[Site "chess.com INT"]
[Date "2025.05.20"]
[Round "1"]
[White "Tayar, Jonathan"]
[Black "Aravindh, Chithambaram VR."]
[Result "1-0"]
[WhiteTitle "IM"]
[BlackTitle "GM"]
[WhiteElo "2325"]
[BlackElo "2749"]
[WhiteFideId "2606534"]
[BlackFideId "5072786"]
[EventDate "2025.05.20"]

1. e4 c5 2. Nf3 a6 3. c4 Nc6 4. d4 cxd4 5. Nxd4 e6 6. Nc3 Qc7 7. a3 Nf6 8. Be3
b6 9. Rc1 Bb7 10. Nd5 exd5 11. cxd5 Bc5 12. dxc6 dxc6 13. b4 Bxd4 14. Qxd4 O-O
15. f3 c5 16. bxc5 Rfd8 17. Qc3 Rac8 18. Bc4 bxc5 19. O-O Rd7 20. Rcd1 Rcd8 21.
Rxd7 Rxd7 22. Bg5 Qd8 23. e5 h6 24. Bxf6 gxf6 25. e6 Rd4 26. exf7+ Kg7 27. Re1
Bc6 28. Be6 Qd6 29. Bc4 Bd5 30. Bxd5 Qxd5 31. f8=Q+ Kxf8 32. Qe3 Kg7 33. Qe7+
Kg6 34. Qe8+ Qf7 35. Qc8 Rd5 36. h3 Qd7 37. Qg8+ Qg7 38. Qxd5 Qc7 39. Qg8+ 1-0

[Event "Titled Tue 20th May Late"]
[Site "chess.com INT"]
[Date "2025.05.20"]
[Round "1"]
[White "Hariharan, Shambavi"]
[Black "Tologon tegin, Semetei"]
[Result "1-0"]
[WhiteTitle "WCM"]
[BlackTitle "IM"]
[WhiteElo "1892"]
[BlackElo "2313"]
[WhiteFideId "488160"]
[BlackFideId "13800574"]
[EventDate "2025.05.20"]

1. Nf3 g6 2. g3 Bg7 3. Bg2 d5 4. O-O Bf5 5. d3 Qc8 6. Nbd2 Bh3 7. e4 dxe4 8.
dxe4 h5 9. Bxh3 Qxh3 10. Ng5 Qg4 11. Ndf3 f6 12. Qd5 fxg5 13. Nxg5 Nh6 14. Qxb7
O-O 15. Qxa8 e6 16. Qb7 Bd4 17. Be3 Bxe3 18. fxe3 Nd7 19. Rxf8+ Nxf8 20. Qb5 a6
21. Qe5 Qe2 22. Rf1 Qxe3+ 23. Kh1 Qe2 24. Qf6 Qxh2+ 25. Kxh2 Ng4+ 26. Kg2 Nxf6
27. Rxf6 Kg7 28. Rf7+ Kh6 29. Nf3 Nh7 30. Rxc7 Nf6 31. e5 Nd5 32. Rc6 Ne3+ 33.
Kg1 h4 34. Nxh4 g5 35. Ng2 Nf5 36. Rxe6+ Kh5 37. Kf2 Kg4 38. Ne3+ Nxe3 39. Kxe3
Kf5 40. Rxa6 Kxe5 41. Rg6 Kf5 42. Rxg5+ Kxg5 43. a4 Kg4 44. a5 Kxg3 45. a6 Kg4
46. a7 Kg3 47. a8=Q Kh2 48. Qg8 Kh3 49. Kf3 Kh2 50. Qg2# 1-0

[Event "Titled Tue 20th May Late"]
[Site "chess.com INT"]
[Date "2025.05.20"]
[Round "1"]
[White "Daspres, Loic"]
[Black "Ilkhomi, Jaloliddin"]
[Result "0-1"]
[WhiteTitle "CM"]
[BlackTitle "FM"]
[WhiteElo "2207"]
[BlackElo "2272"]
[WhiteFideId "20612281"]
[BlackFideId "14700948"]
[EventDate "2025.05.20"]

1. e4 e6 2. d4 d5 3. Nd2 Be7 4. Ngf3 Nf6 5. Bd3 c5 6. c3 Nc6 7. e5 Nd7 8. O-O a5
9. Re1 cxd4 10. cxd4 Qb6 11. a3 Nxd4 12. Nxd4 Qxd4 13. Nf3 Qb6 14. Ng5 h6 15.
Qh5 Bxg5 16. Bxg5 Nc5 17. Be3 Bd7 18. Rec1 Rc8 19. Qg4 d4 20. Qxg7 dxe3 21.
Qxh8+ Ke7 22. Qf6+ Ke8 23. Be2 Qxb2 24. Bh5 Qxf2+ 25. Qxf2 exf2+ 26. Kxf2 Nd3+
27. Ke3 Nxc1 28. Rb1 a4 29. Bd1 Nb3 30. Bxb3 axb3 31. Rxb3 Bc6 32. g4 Ra8 33.
Kf4 Ra4+ 34. Kg3 Kf8 35. Kh4 Kg7 36. Kh5 Bd5 37. Rc3 Re4 38. g5 Rxe5 39. h4 Rf5
40. a4 Bf3+ 41. Rxf3 Rxf3 42. a5 Rf4 43. gxh6+ Kh7 44. a6 bxa6 45. Kg5 Rf5+ 46.
Kg4 Kxh6 0-1

[Event "Titled Tue 20th May Late"]
[Site "chess.com INT"]
[Date "2025.05.20"]
[Round "1"]
[White "Maatman, Nick"]
[Black "Brozynski, Patryk"]
[Result "0-1"]
[WhiteTitle "IM"]
[WhiteElo "2405"]
[BlackElo "2219"]
[WhiteFideId "1040391"]
[BlackFideId "2512700"]
[EventDate "2025.05.20"]

1. Nf3 Nf6 2. g3 g6 3. Bg2 Bg7 4. O-O O-O 5. d4 d6 6. c4 Nc6 7. b3 e5 8. Bb2 e4
9. Ne1 Qe7 10. Nc2 Bg4 11. Nc3 Rfe8 12. Ne3 Rad8 13. Ncd5 Nxd5 14. cxd5 Bxe2 15.
Qxe2 Nxd4 16. Bxd4 Bxd4 17. Rac1 c5 18. dxc6 bxc6 19. Rfd1 c5 20. Nc2 Bb2 21.
Rb1 Bc3 22. Rd5 f5 23. Rbd1 Kg7 24. Qc4 Bf6 25. b4 cxb4 26. Qxb4 Be5 27. Ne3 Rb8
28. Qa4 Kh6 29. Nc4 Red8 30. Qc2 Rbc8 31. Nxe5 Rxc2 32. Bf1 Rcc8 33. Nc4 Rc5 34.
R5d4 Rdc8 35. Ne3 Rd8 36. Nd5 Qe5 37. h4 Rb8 38. Nf4 Rb6 39. a4 a5 40. Bb5 g5
41. hxg5+ Kxg5 42. Rd5 Rxd5 43. Rxd5 Qa1+ 44. Kg2 Kf6 45. Bd7 Qa3 46. Rxf5+ Kg7
47. Nd5 Rb8 48. Bb5 Rf8 49. Rg5+ Kh6 50. Rg4 Qf3+ 51. Kh3 Qh1# 0-1